000 00775nam a22002655i 4500
001 66373
003 ES-MaACL
005 20230906165623.0
007 t|
008 930108s1992 sp ||||0| spa d
020 _a84-339-1183-X
040 _aM-BN
_bspa
_cM-BN
080 _a840-31"19"
100 1 _aPerec, Georges.
_990443
245 1 4 _aLas cosas
_b: una historia de los años sesenta /
_cGeorges Perec ; traducción de Josep Escué.
250 _a2ª ed.
260 _aBarcelona :
_bAnagrama,
_c2001.
300 _a158 p ;
_c20 cm.
490 1 _aPanorama de narrativas ;
_v263
700 1 _aEscué, Josep.
_947715
830 0 0 _aPanorama de narrativas
_v263
_9123642
852 _aES-MaACL
_jL-26860
_bR.132399
999 _c66373
_d66373